000
00258nam a22001217a 4500
008
181022b xxu||||| |||| 00| 0 eng d
041
_a
eng
080
_2
6th
_a
371
100
_a
46
101
_a
EDU
245
_a
Research Papers
_c
Coyle, W
942
_2
udc
_c
BK
999
_c
50545
_d
50545